| 000 | 00370nam a22001457a 4500 | ||
|---|---|---|---|
| 005 | 20240222062238.0 | ||
| 008 | 240222b |||||||| |||| 00| 0 eng d | ||
| 082 |
_222 _a322.42. _bTIG. |
||
| 100 | _aManikkalingam, Ram. | ||
| 245 |
_aTigerism : _bOther Essays / |
||
| 260 |
_aColombo ; _bEthnic Studies Group. _c1995. |
||
| 300 | _a54, p., | ||
| 650 | _aCultural. | ||
| 942 | _cL | ||
| 999 |
_c480 _d480 |
||